| 000 | 00688nam a2200241 4500 | ||
|---|---|---|---|
| 001 | 46299 | ||
| 010 | _a9789898032294 | ||
| 021 | _b278157/08 | ||
| 090 | _a46299 | ||
| 100 | _a20110608e20102008m y0pory5003 ba | ||
| 101 | 1 | _apor | |
| 102 | _aPT | ||
| 200 | 1 |
_aJogo de mãos _eromance _fNora Roberts _gtrad. Isabel Penteado _grev. Idalina Morgado |
|
| 205 |
_a1.ª ed. _bReimp. |
||
| 210 |
_aParede _cChá das Cinco, _d2010 |
||
| 215 |
_a429, [2] p. _cil. _d23 cm |
||
| 304 | _aTít. orig.: Honest illusions | ||
| 675 |
_a821.111(73)-31"19/20" _vBN _zpor |
||
| 700 | 1 |
_aRoberts, _bNora, |
|
| 702 | 1 |
_aMorgado, _bIdalina _4675 |
|
| 702 | 1 |
_aPenteado, _bIsabel C. _4730 |
|
| 801 | 0 |
_aPT _bBN _gRPC |
|
| 990 | _cLIVROS | ||